[Event "23rd ETCC Women 2021"]
[Site "Catez"]
[Date "2021.11.19"]
[Round "6.31"]
[White "Sandu, Mihaela"]
[Black "Shapir, Maya"]
[Result "1-0"]
[WhiteElo "2244"]
[BlackElo "2256"]
[Annotator "ChessBase"]
[PlyCount "109"]
[EventDate "2021.11.08"]
[EventType "team-tourn"]
[EventCountry "SLO"]
[WhiteTeam "Romania"]
[BlackTeam "Israel"]
[WhiteTeamCountry "ROU"]
[BlackTeamCountry "ISR"]
[TimeControl "40/5400+30:1800+30"]

1. e4 {[%emt 0:00:05]} c5 {[%emt 0:01:19]} 2. Nf3 {[%emt 0:00:04]} e6 {[%emt 0:
00:05]} 3. d4 {[%emt 0:00:05]} cxd4 {[%emt 0:00:08]} 4. Nxd4 {[%emt 0:00:02]}
Nf6 {[%emt 0:00:05]} 5. Nc3 {[%emt 0:00:06]} Nc6 {[%emt 0:00:03]} 6. Ndb5 {
[%emt 0:00:29]} Bb4 {[%emt 0:00:12]} 7. a3 {[%emt 0:00:12]} Bxc3+ {[%emt 0:00:
04]} 8. Nxc3 {[%emt 0:00:04]} d5 {[%emt 0:00:11]} 9. Bd3 {[%emt 0:00:19]} O-O {
[%emt 0:10:33]} 10. O-O {[%emt 0:03:45]} d4 {[%emt 0:01:46]} 11. Ne2 {[%emt 0:
00:11]} e5 {[%emt 0:02:28]} 12. h3 {[%emt 0:00:17]} Qd6 {[%emt 0:08:25]} 13.
Ng3 {[%emt 0:14:12]} Be6 {[%emt 0:09:25]} 14. f4 {[%emt 0:01:24]} exf4 {
[%emt 0:01:40]} 15. Rxf4 {[%emt 0:05:47]} Nd7 {[%emt 0:06:21]} 16. Qh5 {
[%emt 0:04:30]} Qe5 {[%emt 0:06:51]} 17. Nf5 {[%emt 0:14:33]} Bxf5 {[%emt 0:00:
20]} 18. exf5 {[%emt 0:04:48]} Nf6 {[%emt 0:18:45]} 19. Qh4 {[%emt 0:04:54]}
Rfe8 {[%emt 0:06:29]} 20. Bd2 {[%emt 0:00:07]} Qc5 {[%emt 0:00:19]} 21. Rf3 {
[%emt 0:01:52]} Kh8 {[%emt 0:05:45]} 22. Rg3 {[%emt 0:08:59]} Rg8 {[%emt 0:06:
38]} 23. Rf1 {[%emt 0:13:56]} Rae8 {[%emt 0:02:03]} 24. Bg5 {[%emt 0:05:10]}
Qd6 {[%emt 0:01:45]} 25. Rf4 {[%emt 0:00:21]} Re3 {[%emt 0:05:04]} 26. Bxf6 {
[%emt 0:02:40]} Qxf6 {[%emt 0:01:08]} 27. Qxf6 {[%emt 0:00:06]} gxf6 {[%emt 0:
00:14]} 28. Rxe3 {[%emt 0:00:11]} dxe3 {[%emt 0:00:04]} 29. Re4 {[%emt 0:00:07]
} Ne5 {[%emt 0:01:16]} 30. Rxe3 {[%emt 0:00:06]} Rg5 {[%emt 0:01:02]} 31. Be4 {
[%emt 0:00:55]} Nc4 {[%emt 0:00:36]} 32. Rc3 {[%emt 0:00:55]} Nd6 {[%emt 0:00:
29]} 33. Bd3 {[%emt 0:00:42]} Nxf5 {[%emt 0:00:42]} 34. Rc7 {[%emt 0:01:34]}
Nd6 {[%emt 0:01:55]} 35. c4 {[%emt 0:01:25]} Rg3 {[%emt 0:00:31]} 36. Bc2 {
[%emt 0:00:13]} b6 {[%emt 0:01:19]} 37. Kf2 {[%emt 0:01:20]} Rg5 {[%emt 0:00:
15]} 38. Bd3 {[%emt 0:02:36]} Rc5 {[%emt 0:02:08]} 39. Rxc5 {[%emt 0:06:39]}
bxc5 {[%emt 0:00:05]} 40. b4 {[%emt 0:00:05]} cxb4 {[%emt 0:01:25]} 41. axb4 {
[%emt 0:30:05]} Kg7 {[%emt 0:00:52]} 42. Ke3 {[%emt 0:00:00]} h5 {[%emt 0:01:
29]} 43. g3 {[%emt 0:00:00]} Kf8 {[%emt 0:00:35]} 44. c5 {[%emt 0:00:00]} Ne8 {
[%emt 0:03:24]} 45. Kd4 {[%emt 0:00:00]} Nc7 {[%emt 0:02:31]} 46. Be2 {[%emt 0:
00:00]} Ne6+ {[%emt 0:00:09]} 47. Kc4 {[%emt 0:00:00]} f5 {[%emt 0:01:48]} 48.
Bxh5 {[%emt 0:00:00]} f4 {[%emt 0:00:43]} 49. gxf4 {[%emt 0:00:00]} Nxf4 {
[%emt 0:00:05]} 50. Bg4 {[%emt 0:00:00]} Ke7 {[%emt 0:01:27]} 51. Kd4 {[%emt 0:
00:00]} Ng6 {[%emt 0:01:20]} 52. Kd5 {[%emt 0:00:00]} Kd8 {[%emt 0:04:59]} 53.
Kd6 {[%emt 0:00:00]} Ne7 {[%emt 0:00:23]} 54. c6 {[%emt 0:00:00]} f5 {[%emt 0:
00:03]} 55. c7+ {[%emt 0:00:00]} 1-0

[Event "23rd ETCC Women 2021"]
[Site "Catez"]
[Date "2021.11.19"]
[Round "6.32"]
[White "Katkov, Michelle"]
[Black "Ciolacu, Alessia-Mihaela"]
[Result "0-1"]
[WhiteElo "2059"]
[BlackElo "2263"]
[Annotator "TA"]
[PlyCount "70"]
[EventDate "2021.11.08"]
[EventType "team-tourn"]
[EventCountry "SLO"]
[WhiteTeam "Israel"]
[BlackTeam "Romania"]
[WhiteTeamCountry "ISR"]
[BlackTeamCountry "ROU"]

{[%evp 18,70,14,0,0,0,0,0,0,0,12,12,12,14,18,12,14,12,18,1,61,0,0,-280,-301,
-282,-214,-212,-199,-240,-232,-316,-267,-420,-418,-595,-567,-524,-98,-90,185,
-195,-177,-140,-78,-66,-11,-154,145,150,150,140,135,-1211,-1148]} 1. e4 c5 2.
c3 Nf6 3. e5 Nd5 4. d4 cxd4 5. cxd4 Nc6 6. Nf3 e6 7. Bc4 d6 8. O-O Be7 9. exd6
Qxd6 10. Nc3 {[%cal Bb1c3,Bc3b5,Bb5c7][%mdl 32]} O-O {B22: Sicilian: 2 c3.} 11.
Re1 Rd8 12. Bb3 Nf6 {[%cal Rc6d4] The position is equal.} 13. Nb5 Qd7 14. Bf4
a6 15. Nc7 Ra7 16. d5 exd5 17. Rc1 Bb4 {[#]} 18. Re3 $146 ({Predecessor:} 18.
Re2 Bd6 19. Bxd6 Qxd6 20. Nxd5 Nxd5 21. Qxd5 Qxd5 22. Bxd5 Bd7 23. Ng5 Rf8 24.
Rd1 {1/2-1/2 (51) Mikac,M (2380)-Markus,R (2615) Gostovanja 2010}) 18... d4 {
[#]} (18... b5 $11 19. Nxd5 Nxd5 20. Bxd5 Qxd5 21. Qxd5 Rxd5 22. Re8+ {[%mdl
64] Double Attack} Bf8 23. Rxc8 Ne7) 19. Rd3 ({Better is} 19. Ne5 $1 $14 Nxe5
20. Rxe5) 19... Bd6 $1 $11 {[%cal Rd6f4]} 20. Ng5 $2 {[%mdl 8192]} Bxf4 $19 21.
Nxf7 Qxc7 (21... Bxh2+ 22. Kh1 $14) 22. Nxd8+ Kf8 23. Nxc6 bxc6 ({Stronger than
} 23... Bxh2+ 24. Kh1 $16) 24. Rc5 Bxh2+ 25. Kh1 (25. Kf1 {only move.} Qe7 26.
Rxc6) 25... Bd6 26. Rg5 (26. Rc1 {was called for.} c5 27. Rxd4 cxd4 28. Rxc7
Rxc7 29. Kg1) 26... c5 27. Rf3 c4 $2 (27... Bf4 $19 {is more deadly.} 28. Rxc5
Qxc5 29. Rxf4 d3) 28. Qxd4 $17 Be6 $2 {[%mdl 8192]} ({Of course not} 28... cxb3
$6 29. Rxf6+ gxf6 30. Qxf6+ Ke8 31. Rg8+ Kd7 32. Rg7+ Ke8 33. Rg8+ Kd7 34. Rg7+
Ke8 35. Rxc7 $11) (28... Qe7 $17 {[%cal Re7e1]} 29. Re3 Be6 30. Bxc4 Rc7) 29.
Bc2 $4 {[%mdl 8192]} (29. Rxf6+ $18 {was the only winning move.} gxf6 30. Qxf6+
{[%mdl 64] Double Attack} Bf7 31. Ba4) 29... Qe7 30. Bxh7 {[#]} Rd7 ({Black
should play} 30... Rb7 $1 31. Bg6 Rb5 32. Rxb5 axb5) 31. Qh4 Bb8 $40 {[%mdl
128] Black attacks.} (31... Bf7 $15 32. Re3 Nxh7 33. Rxe7 Rxe7) 32. Bc2 {[#]} (
32. g3 $1 $11) 32... Qd6 $2 (32... Kg8 $1 $17 {And now ...Qd6 would win.} 33.
g3 Rd5) 33. Qh8+ $16 {[%mdl 1024] White has strong compensation.} Bg8 {( -> ...
Qd1+!)} 34. g3 {aiming for Kg2.} Qc6 35. Be4 {[%mdl 8192]} Qxe4 {Weighted
Error Value: White=0.82/Black=0.72} 0-1

[Event "23rd ETCC Women 2021"]
[Site "Catez"]
[Date "2021.11.19"]
[Round "6.33"]
[White "Peng, Zhaoqin"]
[Black "Cramling, Pia"]
[Result "1/2-1/2"]
[WhiteElo "2351"]
[BlackElo "2457"]
[Annotator "ChessBase"]
[PlyCount "87"]
[EventDate "2021.11.08"]
[EventType "team-tourn"]
[EventCountry "SLO"]
[WhiteTeam "Netherlands"]
[BlackTeam "Sweden"]
[WhiteTeamCountry "NED"]
[BlackTeamCountry "SWE"]
[TimeControl "40/5400+30:1800+30"]

1. d4 {[%emt 0:00:06]} Nf6 {[%emt 0:00:06]} 2. c4 {[%emt 0:00:05]} e6 {[%emt 0:
00:06]} 3. Nc3 {[%emt 0:00:08]} Bb4 {[%emt 0:00:40]} 4. e3 {[%emt 0:00:08]} O-O
{[%emt 0:01:14]} 5. Nge2 {[%emt 0:00:14]} d5 {[%emt 0:02:30]} 6. a3 {[%emt 0:
00:17]} Be7 {[%emt 0:00:08]} 7. Ng3 {[%emt 0:01:41]} Re8 {[%emt 0:10:14]} 8.
Bd3 {[%emt 0:01:38]} dxc4 {[%emt 0:04:57]} 9. Bxc4 {[%emt 0:00:11]} c5 {
[%emt 0:00:49]} 10. O-O {[%emt 0:11:12]} cxd4 {[%emt 0:05:42]} 11. exd4 {
[%emt 0:00:04]} Nbd7 {[%emt 0:06:37]} 12. Be3 {[%emt 0:29:19]} Nb6 {[%emt 0:01:
17]} 13. Ba2 {[%emt 0:01:38]} Bd7 {[%emt 0:02:06]} 14. Qd3 {[%emt 0:05:50]} Bc6
{[%emt 0:01:14]} 15. Rad1 {[%emt 0:01:44]} Nbd5 {[%emt 0:01:30]} 16. Nge4 {
[%emt 0:04:42]} Nxe4 {[%emt 0:04:32]} 17. Nxe4 {[%emt 0:00:55]} Rc8 {[%emt 0:
03:26]} 18. Rfe1 {[%emt 0:03:32]} b6 {[%emt 0:05:50]} 19. Bd2 {[%emt 0:04:58]}
f5 {[%emt 0:08:34]} 20. Nc3 {[%emt 0:02:18]} Bf6 {[%emt 0:02:01]} 21. Bxd5 {
[%emt 0:10:19]} Bxd5 {[%emt 0:00:06]} 22. Bf4 {[%emt 0:00:07]} Bb3 {[%emt 0:20:
02]} 23. Rd2 {[%emt 0:00:11]} Bc4 {[%emt 0:00:26]} 24. Qe3 {[%emt 0:02:49]} h6
{[%emt 0:01:18]} 25. h3 {[%emt 0:03:03]} Qd7 {[%emt 0:00:58]} 26. Be5 {[%emt 0:
01:05]} Bg5 {[%emt 0:00:22]} 27. Bf4 {[%emt 0:00:04]} Be7 {[%emt 0:01:44]} 28.
Qg3 {[%emt 0:01:50]} Kh7 {[%emt 0:00:06]} 29. Be5 {[%emt 0:00:19]} Bf8 {
[%emt 0:01:54]} 30. Red1 {[%emt 0:02:47]} Bb3 {[%emt 0:00:50]} 31. Re1 {
[%emt 0:00:01]} Bc4 {[%emt 0:00:30]} 32. Red1 {[%emt 0:00:10]} Qe7 {[%emt 0:05:
30]} 33. h4 {[%emt 0:02:53]} Red8 {[%emt 0:01:03]} 34. d5 {[%emt 0:03:07]} exd5
{[%emt 0:00:52]} 35. Nxd5 {[%emt 0:00:04]} Bxd5 {[%emt 0:00:40]} 36. Rxd5 {
[%emt 0:00:03]} Rxd5 {[%emt 0:00:44]} 37. Rxd5 {[%emt 0:00:01]} Rc4 {[%emt 0:
04:21]} 38. Rd4 {[%emt 0:05:21]} Rc5 {[%emt 0:01:48]} 39. Bf4 {[%emt 0:02:19]}
Qe6 {[%emt 0:01:25]} 40. Qe3 {[%emt 0:02:14]} Qxe3 {[%emt 0:01:31]} 41. Bxe3 {
[%emt 0:30:06]} Rc7 {[%emt 0:09:44]} 42. h5 {[%emt 0:00:00]} Be7 {[%emt 0:01:
53]} 43. Rd5 {[%emt 0:00:00]} Bf6 {[%emt 0:01:27]} 44. b3 {[%emt 0:00:00]}
1/2-1/2

[Event "23rd ETCC Women 2021"]
[Site "Catez"]
[Date "2021.11.19"]
[Round "6.34"]
[White "Agrest, Inna"]
[Black "Roebers, Eline"]
[Result "0-1"]
[WhiteElo "2258"]
[BlackElo "2304"]
[Annotator "ChessBase"]
[PlyCount "116"]
[EventDate "2021.11.08"]
[EventType "team-tourn"]
[EventCountry "SLO"]
[WhiteTeam "Sweden"]
[BlackTeam "Netherlands"]
[WhiteTeamCountry "SWE"]
[BlackTeamCountry "NED"]
[TimeControl "40/5400+30:1800+30"]

1. e4 {[%emt 0:00:03]} c5 {[%emt 0:00:30]} 2. Nf3 {[%emt 0:00:11]} Nc6 {
[%emt 0:00:21]} 3. d4 {[%emt 0:00:16]} cxd4 {[%emt 0:00:10]} 4. Nxd4 {[%emt 0:
00:02]} Nf6 {[%emt 0:00:24]} 5. Nc3 {[%emt 0:00:20]} e5 {[%emt 0:00:40]} 6.
Ndb5 {[%emt 0:00:53]} d6 {[%emt 0:00:08]} 7. Bg5 {[%emt 0:00:41]} a6 {[%emt 0:
00:18]} 8. Na3 {[%emt 0:00:22]} b5 {[%emt 0:00:09]} 9. Nd5 {[%emt 0:02:29]} Be7
{[%emt 0:00:09]} 10. Nxe7 {[%emt 0:02:22]} Qxe7 {[%emt 0:00:07]} 11. c4 {
[%emt 0:04:39]} O-O {[%emt 0:01:27]} 12. Be2 {[%emt 0:03:21]} h6 {[%emt 0:19:
39]} 13. Be3 {[%emt 0:14:05]} Bb7 {[%emt 0:14:04]} 14. O-O {[%emt 0:07:14]} b4
{[%emt 0:05:03]} 15. Nc2 {[%emt 0:00:49]} Nxe4 {[%emt 0:03:24]} 16. Bf3 {
[%emt 0:09:06]} Nf6 {[%emt 0:01:58]} 17. Bxc6 {[%emt 0:06:54]} Bxc6 {[%emt 0:
00:05]} 18. Nxb4 {[%emt 0:01:02]} Bb7 {[%emt 0:00:42]} 19. Rc1 {[%emt 0:05:21]}
Rfc8 {[%emt 0:04:00]} 20. a3 {[%emt 0:13:27]} a5 {[%emt 0:02:44]} 21. Nd5 {
[%emt 0:07:17]} Bxd5 {[%emt 0:02:57]} 22. cxd5 {[%emt 0:00:05]} Qb7 {[%emt 0:
02:22]} 23. Rxc8+ {[%emt 0:08:04]} Rxc8 {[%emt 0:00:52]} 24. Qa4 {[%emt 0:05:
54]} Qxd5 {[%emt 0:16:08]} 25. Rd1 {[%emt 0:01:23]} Qe6 {[%emt 0:01:41]} 26.
Qxa5 {[%emt 0:01:19]} d5 {[%emt 0:00:44]} 27. Re1 {[%emt 0:01:28]} Rc2 {
[%emt 0:02:13]} 28. h3 {[%emt 0:01:36]} Qc8 {[%emt 0:02:22]} 29. Bb6 {[%emt 0:
03:25]} Nd7 {[%emt 0:10:11]} 30. Be3 {[%emt 0:00:39]} d4 {[%emt 0:01:15]} 31.
Bd2 {[%emt 0:00:19]} Rxb2 {[%emt 0:00:39]} 32. Rc1 {[%emt 0:00:28]} Qb8 {
[%emt 0:01:46]} 33. Bb4 {[%emt 0:00:18]} Qb6 {[%emt 0:03:49]} 34. Qd5 {[%emt 0:
00:36]} Qf6 {[%emt 0:01:53]} 35. Be1 {[%emt 0:00:49]} Nb6 {[%emt 0:01:02]} 36.
Qe4 {[%emt 0:00:17]} Qg5 {[%emt 0:00:54]} 37. Rc6 {[%emt 0:00:30]} Qe7 {
[%emt 0:00:53]} 38. Bb4 {[%emt 0:00:45]} Qb7 {[%emt 0:00:47]} 39. Qf3 {[%emt 0:
00:16]} f5 {[%emt 0:00:49]} 40. Re6 {[%emt 0:00:51]} Rb1+ {[%emt 0:00:32]} 41.
Kh2 {[%emt 0:30:08]} Qxf3 {[%emt 0:30:32]} 42. gxf3 {[%emt 0:00:04]} Nc4 {
[%emt 0:00:35]} 43. Rc6 {[%emt 0:00:00]} Nb2 {[%emt 0:00:00]} 44. f4 {[%emt 0:
00:00]} e4 {[%emt 0:00:00]} 45. Rd6 {[%emt 0:00:00]} d3 {[%emt 0:00:00]} 46.
Rd5 {[%emt 0:00:00]} Nd1 {[%emt 0:00:00]} 47. Kg3 {[%emt 0:00:00]} Rb2 {
[%emt 0:00:00]} 48. Bc5 {[%emt 0:00:00]} Nc3 {[%emt 0:00:00]} 49. Rd8+ {
[%emt 0:00:00]} Kf7 {[%emt 0:00:00]} 50. Be3 {[%emt 0:00:00]} Ke7 {[%emt 0:00:
00]} 51. Rg8 {[%emt 0:01:03]} d2 {[%emt 0:00:00]} 52. Bxd2 {[%emt 0:00:46]}
Rxd2 {[%emt 0:00:00]} 53. Rxg7+ {[%emt 0:00:04]} Kf6 {[%emt 0:00:00]} 54. Ra7 {
[%emt 0:01:02]} Ne2+ {[%emt 0:00:00]} 55. Kh4 {[%emt 0:02:04]} Nxf4 {[%emt 0:
00:00]} 56. Ra6+ {[%emt 0:01:15]} Ne6 {[%emt 0:00:00]} 57. Kg3 {[%emt 0:00:13]}
Rd3+ {[%emt 0:00:00]} 58. Kg2 {[%emt 0:00:20]} Ke5 {[%emt 0:00:00]} 0-1

[Event "23rd ETCC Women 2021"]
[Site "Catez"]
[Date "2021.11.19"]
[Round "6.35"]
[White "Ratsma, Rosa"]
[Black "Zaritovskaja, Margarita"]
[Result "1-0"]
[WhiteElo "2272"]
[BlackElo "2040"]
[Annotator "TA"]
[PlyCount "57"]
[EventDate "2021.11.08"]
[EventType "team-tourn"]
[EventCountry "SLO"]
[WhiteTeam "Netherlands"]
[BlackTeam "Sweden"]
[WhiteTeamCountry "NED"]
[BlackTeamCountry "SWE"]

{[%evp 15,57,43,51,14,29,26,9,21,4,-33,12,0,65,0,20,0,89,80,87,96,256,238,237,
250,239,175,554,526,656,634,873,896,891,888,860,829,960,948,900,887,1000,1000,
29980,29982]} 1. e4 c5 2. Nf3 e6 3. d4 cxd4 4. Nxd4 Nf6 5. Nc3 d6 6. g4 h6 7.
Rg1 Nc6 8. h4 d5 {is now more promising than 8...h5.} 9. Nxc6 {B81: Sicilian
Scheveningen: Keres Attack.} bxc6 10. g5 hxg5 11. hxg5 {The position is equal.}
Nd7 12. g6 {[%cal Re4d5]} fxg6 {...Bc5 is the strong threat.} 13. exd5 {[#]}
cxd5 $146 ({Better is} 13... exd5 $11 14. Bg5 Qb6) ({Predecessor:} 13... exd5
14. Bg5 Be7 15. Qe2 Kf7 16. Bxe7 Qxe7 17. Qxe7+ Kxe7 18. Rxg6 Ne5 19. Rxg7+ Kf6
{1/2-1/2 (50) Majdan,J (2325)-Sliwicka,A (2317) Warsaw 2020}) 14. Rxg6 Ne5 15.
Rg3 Bc5 (15... Bd6 $11) 16. Qe2 $16 O-O 17. Be3 ({But not} 17. Qxe5 $2 Bxf2+
18. Kd2 (18. Ke2 $2 Bxg3 19. Bg5 Rf2+ 20. Ke1 Qf8 $19) 18... Bxg3 $19) 17...
Qb6 {Black cannot hold the game after this.} (17... Bxe3 $16 18. Qxe3 Qb6) 18.
Bxc5 $18 {[%mdl 64] Discovered Attack} Qxc5 {[#]} 19. O-O-O $1 d4 20. Ne4 $40 {
[%mdl 128] White has strong attack.} Qa5 (20... d3 {is tougher.} 21. Nxc5 {
[%mdl 64] Discovered Attack} dxe2 22. Bxe2 Rxf2) 21. Rxd4 Ba6 22. Qxa6 Qe1+ 23.
Rd1 Qxe4 24. Qxe6+ Rf7 25. Re3 Qf4 26. Qxe5 Qxe5 27. Rxe5 Rxf2 28. Bc4+ Kf8 29.
Rh1 {[%cal Rh1h8] Weighted Error Value: White=0.15/Black=1.01} 1-0

[Event "23rd ETCC Women 2021"]
[Site "Catez"]
[Date "2021.11.19"]
[Round "6.36"]
[White "Cramling Bellon, Anna"]
[Black "Lanchava, Tea"]
[Result "0-1"]
[WhiteElo "2035"]
[BlackElo "2215"]
[Annotator "ChessBase"]
[PlyCount "58"]
[EventDate "2021.11.08"]
[EventType "team-tourn"]
[EventCountry "SLO"]
[WhiteTeam "Sweden"]
[BlackTeam "Netherlands"]
[WhiteTeamCountry "SWE"]
[BlackTeamCountry "NED"]
[TimeControl "40/5400+30:1800+30"]

1. d4 {[%emt 0:00:04]} f5 {[%emt 0:00:26]} 2. Nc3 {[%emt 0:01:57]} Nf6 {
[%emt 0:00:38]} 3. Bg5 {[%emt 0:00:17]} d5 {[%emt 0:00:41]} 4. Nf3 {[%emt 0:00:
57]} e6 {[%emt 0:00:41]} 5. e3 {[%emt 0:01:11]} Be7 {[%emt 0:00:18]} 6. Bd3 {
[%emt 0:03:36]} O-O {[%emt 0:01:08]} 7. Qe2 {[%emt 0:07:34]} Ne4 {[%emt 0:05:
43]} 8. Bxe7 {[%emt 0:01:39]} Qxe7 {[%emt 0:00:08]} 9. Ne5 {[%emt 0:00:33]} Qb4
{[%emt 0:10:10]} 10. Bxe4 {[%emt 0:03:40]} Qxb2 {[%emt 0:00:36]} 11. O-O {
[%emt 0:01:17]} Qxc3 {[%emt 0:01:06]} 12. Bd3 {[%emt 0:03:57]} c5 {[%emt 0:02:
43]} 13. Qe1 {[%emt 0:24:39]} cxd4 {[%emt 0:06:10]} 14. Qxc3 {[%emt 0:00:10]}
dxc3 {[%emt 0:00:06]} 15. Rab1 {[%emt 0:00:06]} Nc6 {[%emt 0:00:24]} 16. Nxc6 {
[%emt 0:00:22]} bxc6 {[%emt 0:00:07]} 17. Rb3 {[%emt 0:00:15]} c5 {[%emt 0:00:
20]} 18. Bb5 {[%emt 0:04:25]} c4 {[%emt 0:04:38]} 19. Rbb1 {[%emt 0:04:44]} Rb8
{[%emt 0:06:59]} 20. a4 {[%emt 0:02:00]} Rf7 {[%emt 0:07:07]} 21. Bc6 {[%emt 0:
02:36]} Rb2 {[%emt 0:01:07]} 22. Rxb2 {[%emt 0:23:51]} cxb2 {[%emt 0:00:08]}
23. c3 {[%emt 0:00:03]} Rc7 {[%emt 0:00:18]} 24. Be8 {[%emt 0:01:57]} g6 {
[%emt 0:02:04]} 25. a5 {[%emt 0:00:32]} Rc5 {[%emt 0:00:33]} 26. Ba4 {[%emt 0:
04:59]} Rxa5 {[%emt 0:00:20]} 27. Bc2 {[%emt 0:00:03]} Bd7 {[%emt 0:02:00]} 28.
f3 {[%emt 0:02:00]} Ra1 {[%emt 0:01:49]} 29. Bb1 {[%emt 0:00:13]} a5 {[%emt 0:
00:26]} 0-1

[Event "23rd ETCC Women 2021"]
[Site "Catez"]
[Date "2021.11.19"]
[Round "6.37"]
[White "Georgescu, Lena"]
[Black "Pilsova, Karolina"]
[Result "1-0"]
[WhiteElo "2262"]
[BlackElo "2281"]
[Annotator "TA"]
[PlyCount "95"]
[EventDate "2021.11.08"]
[EventType "team-tourn"]
[EventCountry "SLO"]
[WhiteTeam "Switzerland"]
[BlackTeam "Czech Republic"]
[WhiteTeamCountry "SUI"]
[BlackTeamCountry "CZE"]

{[%evp 9,95,16,17,13,49,24,40,18,26,27,14,18,48,47,39,50,43,39,79,8,53,51,52,0,
75,70,101,100,107,71,127,97,108,111,233,227,186,86,194,158,362,382,364,348,488,
621,542,595,533,293,294,289,304,273,438,476,477,464,422,343,306,133,132,140,
141,142,298,302,322,304,315,304,280,288,402,398,454,464,490,470,435,365,947,
901,1086,1028,5816,5816]} 1. e4 c6 2. d4 d5 3. e5 Bf5 4. h4 Qb6 5. h5 h6 6. g4
{B12: Caro-Kann: Advance Variation.} Bd7 7. c3 e6 8. f4 {White is slightly
better.} c5 9. Nf3 Nc6 10. Be2 {[#]} Rc8 $146 ({Predecessor:} 10... cxd4 11.
cxd4 Bb4+ 12. Kf1 O-O-O 13. a3 Be7 14. Nc3 a6 15. Na4 Qa7 16. Be3 Rf8 {1-0 (52)
Costa,L (1939)-Kisic,D (1642) Bratislava 2019}) 11. Kf1 cxd4 12. cxd4 Na5 13.
Kg2 Bb5 14. b3 (14. Nc3 $16 Bxe2 15. Nxe2 (15. Qxe2 Bb4 $14)) 14... Ne7 15.
Bxb5+ Qxb5 16. Bb2 ({White should try} 16. Qd2 $14) 16... Nec6 (16... Nc4 $11 {
keeps the balance.} 17. Bc1 Na5) 17. Nc3 $16 Qb4 18. Qd2 Be7 19. Rad1 Bd8 ({
Better is} 19... Kd8) 20. Qe2 {And now Nb5 would win.} a6 21. f5 Kd7 (21... O-O
$16) 22. Na4 $18 Kc7 23. Nc5 (23. fxe6 $18 {and White stays clearly on top.}
fxe6 24. Nc5) 23... Re8 (23... Be7 $16) 24. Rc1 Bg5 $2 {[#]} (24... Kb8 $16 25.
Rc2 Qb5) 25. Nxg5 hxg5 26. Bc3 Qb5 (26... Qa3 $142 27. fxe6 fxe6) 27. Qxb5 axb5
28. Bxa5+ b6 29. Bb4 bxc5 30. Bxc5 ({Less strong is} 30. Rxc5 Kd7 $16) 30...
Kd7 31. a3 Ra8 $2 (31... Rg8 32. fxe6+ Kxe6) 32. h6 gxh6 33. Rxh6 Rh8 34. fxe6+
fxe6 35. Rxh8 (35. Rh5 $18 {has better winning chances.}) 35... Rxh8 {[%mdl
4096] Endgame KRB-KRN} 36. Rf1 Rh7 37. Rf8 Na5 $2 (37... Rh4 $16 {was called
for.}) 38. Ra8 Nb7 39. Bb4 Rh4 40. Kg3 Rh1 {[#]} 41. Rg8 $1 Rg1+ 42. Kf3 Rf1+
43. Ke3 Rb1 44. Rxg5 Rxb3+ 45. Kd2 Nd8 $2 (45... Rg3 46. Ke2 Rg1) 46. Rg7+ {
White is clearly winning.} Kc8 47. Bd6 Rb2+ 48. Kc1 {Weighted Error Value:
White=0.22/Black=0.45} 1-0

[Event "23rd ETCC Women 2021"]
[Site "Catez"]
[Date "2021.11.19"]
[Round "6.38"]
[White "Petrova, Kristyna"]
[Black "Hakimifard, Ghazal"]
[Result "1/2-1/2"]
[WhiteElo "2275"]
[BlackElo "2267"]
[Annotator "TA"]
[PlyCount "73"]
[EventDate "2021.11.08"]
[EventType "team-tourn"]
[EventCountry "SLO"]
[WhiteTeam "Czech Republic"]
[BlackTeam "Switzerland"]
[WhiteTeamCountry "CZE"]
[BlackTeamCountry "SUI"]

{[%evp 10,73,8,8,35,34,47,41,45,40,40,33,76,43,35,33,35,29,113,99,124,123,111,
118,124,82,162,97,98,0,0,-36,-29,-135,-18,-31,-37,-34,-33,-39,-37,-35,-31,-71,
-46,-59,-54,-66,0,0,0,0,0,-1,-1,-5,-6,-9,-4,-9,-1,-14,0,-4,0,0]} 1. d4 Nf6 2.
c4 e6 3. Nc3 Bb4 4. e3 O-O 5. Nge2 d5 6. a3 Bxc3+ {E46: Nimzo-Indian:
Rubinstein: 4 e3 0-0 5 Ne2 without early Bd3.} 7. Nxc3 Nbd7 8. b3 {[#]} c5 $146
{White is slightly better.} ({Predecessor:} 8... dxc4 9. bxc4 c5 10. Be2 e5 11.
d5 Ne8 12. f4 Nd6 13. e4 f5 14. exf5 Nb6 {1-0 (25) Huynh Lam Binh,N (2074)
-Truong,A (1764) Ho Chi Minh City 2013}) 9. cxd5 exd5 10. Bb2 Re8 11. Bb5 a6
12. Bxd7 Qxd7 13. Na4 {Threatening Nb6.} Qb5 (13... cxd4 $11 {remains equal.}
14. Bxd4 (14. Nb6 Qd6 $11) 14... Qd6) 14. dxc5 $16 {Hoping for Bxf6.} Bg4 {[#]}
15. Qc2 Rac8 16. Bd4 b6 17. Nc3 Rxc5 (17... Qc6 $16) 18. Bxc5 (18. h3 $18 Bh5
19. Rc1 (19. Bxc5 Qxc5 20. b4 Qc6 $11)) 18... Qxc5 {[#]} 19. O-O (19. b4 $1 $16
{[%cal Rb4c5]} Qc6 20. O-O) 19... Rc8 $36 {[%mdl 2048] Black has good play.}
20. Rfc1 {Threatens to win with h3.} (20. h3 {with more complications.} Bd7 21.
Rfc1 Ne4 22. Nxe4 Qxc2 23. Rxc2 Rxc2 24. Rd1) 20... Ne4 $1 {[%cal Re4c3]} 21.
h3 Bf5 (21... Qxc3 $17 22. Qxc3 Nxc3 23. Rxc3 Rxc3 24. hxg4 Rxb3) 22. Nxe4 Qxc2
23. Rxc2 Rxc2 {[%mdl 4096] Endgame KRB-KRN} 24. Ng3 Be6 25. b4 g6 26. Kf1 Bd7
27. Rd1 Bb5+ 28. Kg1 Bc4 ({Better is} 28... Bc6 $15) 29. e4 $1 {The position
is equal.} dxe4 30. Nxe4 Ra2 31. Rd8+ Kg7 32. Nd6 Be6 33. Ne8+ Kh6 34. Rd6 Rxa3
{...a5 is the strong threat.} 35. Rxb6 Ra4 36. Nd6 Bd5 37. Kh2 {Weighted Error
Value: White=0.16/Black=0.21} 1/2-1/2